| 000 | 00747nam a2200205 i 4500 | ||
|---|---|---|---|
| 001 | 92270 | ||
| 003 | ES-MaACL | ||
| 005 | 20250717065629.0 | ||
| 007 | t| | ||
| 008 | 050224s1919 sp |||| | spa d | ||
| 100 | 1 |
_aLickefett y English, Carlos. _972200 |
|
| 245 | 1 | 0 |
_aConsideraciones sobre la actualidad relativa a la cuestión social _b: conferencia dada en el Ateneo de Madrid el 20 de mayo de 1919 / _cCarlos Lickeffet E. K. y Gil de Bernabé. |
| 260 |
_aMadrid : _b[s.n.], _c1919 ( _fTip. Giralda) |
||
| 300 |
_a26 p. ; _c18 cm. |
||
| 610 | 2 | 4 |
_aAteneo de Madrid- _vConferencias- _y1900-1939 _91907 |
| 650 | 7 |
_aProblemas sociales _2embne _916415 |
|
| 710 | 2 |
_aAteneo de Madrid. _91875 |
|
| 852 |
_aES-MaACL _j1553-F-8 |
||
| 999 |
_c92270 _d92270 |
||